Statistics for Major U.S. Cities in the Answer

Click here to take the quiz!

General Stats

  • This quiz has been taken 330 times
    (324 since last reset)
  • The average score is 16 of 24

Answer Stats

ClueAnswer% Correct
Made history on October 12, 1492Christopher
{Columbus}
99%
"Party" that took place in 1773{Boston} Tea Party
93%
She wants to dance with somebodyWhitney {Houston}
93%
Its slogan is
"All the News That's Fit to Print"
The {New} {York}
Times
90%
"America's Team"{Dallas} Cowboys
89%
Joaquin's brotherRiver {Phoenix}
84%
Womanizing British spy{Austin} Powers
82%
"Rocky Mountain High" singerJohn {Denver}
80%
Hanks-Ryan rom-comSleepless in {Seattle}
80%
Famous auto race held since 1911{Indianapolis} 500
75%
Capital of Costa Rica{San} {Jose}
72%
Musical starring Renée Zellweger
and Catherine Zeta-Jones
{Chicago}
71%
Nicholas Cage movieLeaving {Las} {Vegas}
66%
Most well known military cemetery
in the United States
{Arlington}
National Cemetery
65%
"Jane Eyre" author{Charlotte} Brontë
65%
One of the Normandy beaches the
Allied stormed during WWII
{Omaha} Beach
63%
Movie from which Tom Hanks
won his first Oscar
{Philadelphia}
59%
Gloria Estefan was this
band's vocalist
{Miami} Sound
Machine
56%
Ancient Egyptian capital city{Memphis}
56%
Bay on which Florida's
St. Petersburg lies on
{Tampa} Bay
49%
Explorer who tried to find El DoradoWalter {Raleigh}
41%
Muhammad Ali's nicknameThe {Louisville} Lip
34%
Donald Glover comedy TV show{Atlanta}
33%
Quantic Dream video game whose
story follows three androids
{Detroit}:
Become Human
27%

Score Distribution

Percentile by Number Answered

Percent of People with Each Score

Your Score History

You have not taken this quiz since the last reset